Central Library OPAC University of Rajshahi

Catholic and reformed : (Record no. 31656)

MARC details
000 -LEADER
fixed length control field 00691nam a22002291a 4500
001 - CONTROL NUMBER
control field 31656
003 - CONTROL NUMBER IDENTIFIER
rucl marc code BD-RjUL
005 - DATE AND TIME OF LATEST TRANSACTION
control field 20211209051730.0
008 - FIXED-LENGTH DATA ELEMENTS--GENERAL INFORMATION
fixed length control field 140421s1962 enk 1 0 eng d
035 ## - SYSTEM CONTROL NUMBER
System control number (BD-RjUL)31744
040 ## - CATALOGING SOURCE
Original cataloging agency NUN
Language of cataloging eng
Transcribing agency NUN
Modifying agency BD-RjUL
041 ## - LANGUAGE CODE
Language code of text/sound track or separate title eng
082 04 - DEWEY DECIMAL CLASSIFICATION NUMBER
Classification number 274.2
Author mark and year HIC 1962
100 1# - MAIN ENTRY--PERSONAL NAME
Personal name Higham, Florence
Dates associated with a name 1896-
9 (RLIN) 96332
245 10 - TITLE STATEMENT
Title Catholic and reformed :
Remainder of title a study of the Anglican Church, 1559-1662 /
Statement of responsibility, etc. Florence May Greir Evans Higham
260 ## - PUBLICATION, DISTRIBUTION, ETC. (IMPRINT)
Place of publication, distribution, etc. London :
Name of publisher, distributor, etc. S. P. C. K.,
Date of publication, distribution, etc. c1962.
300 ## - PHYSICAL DESCRIPTION
Pagination viii, 358 p. ;
Size 22 cm.
504 ## - BIBLIOGRAPHY, ETC. NOTE
Bibliography, etc Includes index.
610 20 - SUBJECT ADDED ENTRY--CORPORATE NAME
Corporate name or jurisdiction name as entry element Church of England
650 #0 - SUBJECT ADDED ENTRY--TOPICAL TERM
Topical term or geographic name as entry element Reformation
Geographic subdivision England.
9 (RLIN) 96334
942 ## - ADDED ENTRY ELEMENTS (KOHA)
Source of classification or shelving scheme Dewey Decimal Classification
Koha item type Books
Holdings
Lost status Source of classification or shelving scheme Damaged status Not for loan Collection code Permanent Location Current Location Shelving location Date acquired Source of acquisition Cost, normal purchase price Total Checkouts Full call number Date last seen Copy number Koha item type
  Dewey Decimal Classification   Not For Loan Non-fiction Central Library, University of Rajshahi Central Library, University of Rajshahi Reading Room 27/02/1964 Zetlinger 35.00   274.2 HIC 1962 21/04/2014 C-1 Books